Il lungo sguardo : studi critici sulla storia del cinema /

Uloženo v:
Podrobná bibliografie
Hlavní autor: Pintus, Pietro (Autor)
Další autoři: Mulas, Andrea, Simonelli, Viviana
Médium: Kniha
Jazyk:italština
Vydáno: Porretta Terme : Il Battello ebbro, stampa 2005
Edice:Quaderni di storia e critica cinematografica ; 1
Tagy: Přidat tag
Žádné tagy, Buďte první, kdo vytvoří štítek k tomuto záznamu!

MARC

LEADER 00000nam a22000007i 4500
001 IT\ICCU\UBO\2877718
003 ItRI
005 20260115231950.0
008 051219s2005 it |||||| ||||| |||||c
020 |a 8886861699 
040 |b ita  |c importazione bologna sebina 
041 7 |a ita  |2 ISO-639-2 
100 1 |a Pintus, Pietro  |0 IT\ICCU\RAVV\031743  |4 aut 
245 1 3 |a Il lungo sguardo :  |b studi critici sulla storia del cinema /  |c Pietro Pintus ; antologia degli scritti a cura di Andrea Mulas ; coordinamento bibliografico a cura di Viviana Simonelli. 
260 |a Porretta Terme :  |b Il Battello ebbro,  |c stampa 2005 
300 |a 246 p. :  |b ill. ;  |c 24 cm. 
700 1 |a Mulas, Andrea  |0 IT\ICCU\CFIV\074234 
700 1 |a Simonelli, Viviana  |0 IT\ICCU\ANAV\009859 
830 0 |a Quaderni di storia e critica cinematografica ;  |v 1  |0 IT\ICCU\UBO\2877733 
942 |2 ddc  |c BK  |n 0 
952 |0 0  |1 0  |4 0  |6 DOC_791_430000000000000_PIN  |7 0  |9 17986  |a BO  |b BO  |d 2026-01-15  |i 11784  |l 0  |o DOC 791.430 PIN  |p BO11784  |r 2026-01-15 23:19:50  |w 2026-01-15  |x [Sebina 5] [1 v.]  |y BK  |z 1 v. 
999 |c 15288  |d 15288